Literatura española : bachillerato 3 : guías de lectura
Gespeichert in:
| 1. Verfasser: | |
|---|---|
| Weitere Verfasser: | |
| Format: | Buch |
| Sprache: | Spanisch |
| Erschienen: |
Madrid :
Anaya,
D.L. 1998
|
| Katalog: | MANES: Suchergebnis im Bibliothekskatalog |
| Schulbuchspezifische Eigenschaften: |
|
| Tags: |
Tag hinzufügen
Keine Tags, Fügen Sie den ersten Tag hinzu!
|
| Hinzugefügt zu: | 27.07.1993 |
| Geändert in: | 07.05.2025 |
MARC
| LEADER | 00000cam a2200000 i 4500 | ||
|---|---|---|---|
| 005 | 20250507134449.0 | ||
| 008 | 930728s1998 espa fp 000 0 spa d | ||
| 020 | |a 842076423X | ||
| 040 | |a uned |b spa |c entro-manes | ||
| 100 | 1 | |a Lázaro Carreter, Fernando . |9 31179 | |
| 245 | 1 | 0 | |a Literatura española : |b bachillerato 3 : guías de lectura / |c Fernando Lázaro, Vicente Tusón ; con la colaboración de Ángel Basanta |
| 260 | |a Madrid : |b Anaya, |c D.L. 1998 | ||
| 300 | |a 80 p. : |b il | ||
| 546 | |a España | ||
| 561 | |5 es-BUNED |3 L.T.M. 2772 |a España. Fondo Manes UNED |k MANES | ||
| 690 | 0 | |a LEN | |
| 691 | 0 | |a SE | |
| 700 | 1 | |a Tusón, Vicente |a Basanta, Angel |9 38879 | |
| 942 | |2 ddc |c BK | ||
| 999 | |c 95033 |d 95033 | ||
| 999 | |c manes:95033 |d 95033 | ||